Organizational behaviour : (Record no. 706)

000 -LEADER
fixed length control field 01103cam a2200325 a 4500
003 - CONTROL NUMBER IDENTIFIER
control field CaOONL
005 - DATE AND TIME OF LATEST TRANSACTION
control field 20210616113332.0
008 - FIXED-LENGTH DATA ELEMENTS--GENERAL INFORMATION
fixed length control field 000601s2001 onca b 001 0 eng d
020 ## - INTERNATIONAL STANDARD BOOK NUMBER
International Standard Book Number 0130144207
040 ## - CATALOGING SOURCE
Transcribing agency CaOTU
043 ## - GEOGRAPHIC AREA CODE
Geographic area code n-cn---
050 ## - LIBRARY OF CONGRESS CALL NUMBER
Classification number HD58.7
Item number .R62 2001
055 #3 - CLASSIFICATION NUMBERS ASSIGNED IN CANADA
Classification number HD58.7
Item number R62 2000
090 ## - LOCALLY ASSIGNED LC-TYPE CALL NUMBER (OCLC); LOCAL CALL NUMBER (RLIN)
Classification number (OCLC) (R) ; Classification number, CALL (RLIN) (NR) HD58.7.R62 2001
090 ## - LOCALLY ASSIGNED LC-TYPE CALL NUMBER (OCLC); LOCAL CALL NUMBER (RLIN)
Classification number (OCLC) (R) ; Classification number, CALL (RLIN) (NR) HD58.7.R62 2001
100 1# - MAIN ENTRY--PERSONAL NAME
Personal name Robbins, Stephen P.,
Dates associated with a name 1943-
245 10 - TITLE STATEMENT
Title Organizational behaviour :
Remainder of title concepts, controversies, applications /
Statement of responsibility, etc. Stephen P. Robbins, Nancy Langton.
250 ## - EDITION STATEMENT
Edition statement 2nd Canadian ed.
260 ## - PUBLICATION, DISTRIBUTION, ETC.
Place of publication, distribution, etc. Toronto :
Name of publisher, distributor, etc. Prentice Hall Canada,
Date of publication, distribution, etc. c2001.
300 ## - PHYSICAL DESCRIPTION
Extent xxviii, 707 p. :
Other physical details ill. (chiefly col.) ;
Dimensions 29 cm.
504 ## - BIBLIOGRAPHY, ETC. NOTE
Bibliography, etc. note Includes bibliographical references and index.
650 #0 - SUBJECT ADDED ENTRY--TOPICAL TERM
Topical term or geographic name entry element Organizational behavior.
650 #6 - SUBJECT ADDED ENTRY--TOPICAL TERM
Topical term or geographic name entry element Comportement organisationnel.
700 1# - ADDED ENTRY--PERSONAL NAME
Personal name Langton, Nancy.
942 ## - ADDED ENTRY ELEMENTS (KOHA)
Source of classification or shelving scheme
Koha item type Book
Suppress in OPAC SO
945 ## - LOCAL PROCESSING INFORMATION (OCLC)
a HD58.7.R62 2001
i 30020003464684
l 010101
t 00
y ABJ-3451
Holdings
Withdrawn status Lost status Source of classification or shelving scheme Damaged status Not for loan Permanent Location Current Location Shelving location Date acquired Total Checkouts Full call number Barcode Date last seen Price effective from Koha item type Public note
          AU LIBRARY AU LIBRARY Open Shelf 16.06.2021   HD58.7 .R62 2001 28000163 16.06.2021 16.06.2021 Book SO

Powered by Koha